00535nam a2200169Ia 4500003000900000008004100009020001800050040001600068080001300084100001700097245010500114260003400219300001500253490003900268650004100307650001700348IN-BaIIA211028s9999 xx 000 0 eng d a3-540-18910-6 cIIA Library a523bENC aEncrenaz, T. 4aThe solar systemcT Encrenaz, J P Bibring and M Blanc  aBerlinbSpringer-Verlagc1990 axiv, 330p. aAstronomy and astrophysics library aAstronomy and astrophysics thesaurus aSolar system